Object Oriented / (Record no. 155473)

MARC details
000 -LEADER
fixed length control field 00585nam a22001937a 4500
003 - CONTROL NUMBER IDENTIFIER
control field dpl
005 - DATE AND TIME OF LATEST TRANSACTION
control field 20180825125059.0
008 - FIXED-LENGTH DATA ELEMENTS--GENERAL INFORMATION
fixed length control field 180804b xxu||||| |||| 00| 0 eng d
020 ## - INTERNATIONAL STANDARD BOOK NUMBER
International Standard Book Number 0070583765
Terms of availability 0.00
035 ## - SYSTEM CONTROL NUMBER
System control number B-147065, B-147082
040 ## - CATALOGING SOURCE
Original cataloging agency DPL
Language of cataloging EN
Transcribing agency 0
082 ## - DEWEY DECIMAL CLASSIFICATION NUMBER
Classification number 004.21
100 ## - MAIN ENTRY--PERSONAL NAME
Personal name Kahate,Atul
245 ## - TITLE STATEMENT
Title Object Oriented /
Remainder of title Analysis and design
Statement of responsibility, etc by Atul Kahate
260 ## - PUBLICATION, DISTRIBUTION, ETC. (IMPRINT)
Place of publication, distribution, etc New Delhi
Name of publisher, distributor, etc Tata McGraw-Hill Publishing Company Limited
Date of publication, distribution, etc 2004
300 ## - PHYSICAL DESCRIPTION
Extent xxiii,424p.;
Dimensions 23cm
500 ## - GENERAL NOTE
General note includes references,index
942 ## - ADDED ENTRY ELEMENTS (KOHA)
Source of classification or shelving scheme Dewey Decimal Classification
Koha item type English Books
Classification part 004.21
Call number suffix KAH
Holdings
Withdrawn status Lost status Source of classification or shelving scheme Damaged status Not for loan Collection code Home library Current library Date acquired Source of acquisition Cost, normal purchase price Total Checkouts Full call number Barcode Date last seen Date checked out Cost, replacement price Price effective from Koha item type
    Dewey Decimal Classification     Non-fiction Patel Nagar Patel Nagar 04/08/2018 BPPD/Pub 0.00 1 004.21 KAH B-147065 21/12/2018 18/12/2018 0.00 04/08/2018 English Books
    Dewey Decimal Classification     Non-fiction Shahdara Branch Shahdara Branch 25/08/2018 BPPD/PUB 0.00   004.21 KAH B-147082 25/08/2018   0.00 25/08/2018 English Books

© Delhi Public Library
Hit Counter
free hit counter